000 00418nam a2200193Ia 4500
001 13210
003 GE_BSU
008 181216s||||||||xx |||||||||||||| ||und||
020 _a0708828671
040 _cGE_BSU
080 _a821.111-3
100 _aPeters,Ellis.
245 _aAh excellent mystery.
260 _aLondon.
260 _c1985
300 _a190p;18cm.
653 _aAh excellent mystery.
942 _cBK
999 _c46374
_d46374